Statistics for 500 Largest U.S. Cities by population extra time

Click here to take the quiz!

General Stats

  • This quiz has been taken 576 times
  • The average score is 294 of 500

Answer Stats

HintAnswer% Correct
2CALos Angeles3,999,759
98%
1NYNew York City8,622,698
98%
3ILChicago2,716,450
97%
9TXDallas1,341,075
97%
4TXHouston2,312,717
97%
6PAPhiladelphia1,580,863
97%
5AZPhoenix1,626,078
97%
28NVLas Vegas641,676
96%
324UTSandy96,145
96%
10CASan Jose1,035,317
96%
11TXAustin950,715
95%
156MSJackson166,965
95%
16INIndianapolis863,002
94%
12FLJacksonville892,062
94%
490NCJacksonville72,447
94%
43FLMiami463,347
94%
26ORPortland647,805
94%
13CASan Francisco884,363
94%
18WASeattle724,725
94%
20--Washington DC692,972
94%
38GAAtlanta486,290
93%
21MABoston685,094
93%
14OHColumbus879,170
93%
124GAColumbus194,058
93%
19CODenver704,621
93%
7TXSan Antonio1,511,946
93%
8CASan Diego1,419,516
93%
30MDBaltimore611,648
92%
17NCCharlotte859,035
92%
23MIDetroit673,104
92%
25TNMemphis652,236
92%
31WIMilwaukee595,351
92%
24TNNashville667.560
92%
49LANew Orleans393,292
92%
27OKOklahoma City643,648
92%
52FLTampa385,430
92%
32NMAlbuquerque558,545
91%
51OHCleveland385,525
91%
37MOKansas City488,493
91%
171KSKansas City152,938
91%
46MNMinneapolis422,331
91%
493CAPittsburg72,141
91%
41NCRaleigh464,758
91%
35CASacramento501,901
91%
15TXFort Worth874,168
90%
33AZTucson535,677
90%
81NYBuffalo258,612
89%
22TXEl Paso683,577
89%
56HIHonolulu350,395
89%
29KYLouisville621,349
89%
40NEOmaha466,893
89%
62MOSt Louis308,626
89%
67AKAnchorage294,356
88%
66OHCincinnati301,301
88%
86NVReno248,853
88%
273CARichmond110,040
88%
97VARichmond227,032
88%
63MNSt Paul306,621
88%
50KSWichita390,591
88%
295TXWichita Falls104,747
88%
99LABaton Rouge225,374
87%
98IDBoise226,570
87%
42COColorado Springs464,474
87%
70NJNewark285,154
87%
72FLOrlando280,257
87%
116UTSalt Lake City200,544
87%
155MOSpringfield167,376
87%
165MASpringfield154,758
87%
247ILSpringfield114,868
87%
47OKTulsa401,800
87%
71NELincoln284,736
86%
137RIProvidence180,393
86%
34CAFresno527,438
85%
82WIMadison255,214
85%
151ORSalem169,798
85%
44VAVirginia Beach450,435
85%
107ALBirmingham210,710
84%
59TXCorpus Christi325,605
84%
120ARLittle Rock198,606
84%
45CAOakland425,195
84%
244MNRochester115.733
84%
110NYRochester208,046
84%
74OHToledo276,491
84%
201SCCharleston134,875
83%
100IADes Moines217,521
83%
39CALong Beach469,450
83%
118ALMontgomery199,518
83%
55CAAnaheim352,497
82%
48TXArlington396,394
82%
53CABakersfield380,874
82%
68NCGreensboro290,222
82%
75NJJersey City270,753
82%
36AZMesa496,401
82%
143SDSioux Falls176,888
82%
128FLTallahassee191,049
82%
121OHAkron197,846
81%
222CTHartford123,400
81%
483GAAlbany73,179
80%
311NYAlbany98,251
80%
229MOColumbia121,717
80%
204SCColumbia133,114
80%
189OHDayton140,371
80%
60KYLexington321,959
80%
184NYSyracuse143,396
80%
122GAAugusta197,166
79%
64NVHenderson302,539
79%
129ALMobile190,265
79%
180GASavannah146,444
79%
115ILAurora200,965
78%
54COAurora366,623
78%
77NCDurham267,743
78%
225NDFargo122,359
78%
119MIGrand Rapids198,829
78%
263NHManchester111,196
78%
88VANorfolk244,703
78%
65PAPittsburgh302,407
78%
101WASpokane217,108
78%
138FLFort Lauderdale180,072
77%
78INFort Wayne265,904
77%
131TNKnoxville187,347
77%
58CARiverside327,728
77%
102CASan Bernardino216,995
77%
405NMSanta Fe83,776
77%
126LAShreveport192,036
77%
104WATacoma213,418
77%
275MTBillings109,642
76%
140TNChattanooga179,139
76%
90NVNorth Las Vegas242,975
76%
79FLSt Petersburg263,255
76%
394NJTrenton84,964
76%
219KSTopeka126,587
75%
234NCWilmington119,045
75%
304TXAllen100,685
74%
117TXAmarillo199,826
74%
351NCConcord92,067
74%
213CAConcord129,783
74%
152OREugene168,916
74%
290WIGreen Bay105,116
74%
83TXLubbock253,888
74%
210CTNew Haven131,014
74%
57CASanta Ana334,136
74%
85AZScottsdale249,950
74%
61CAStockton310,496
74%
132MAWorcester185,677
74%
113NYYonkers202,019
74%
231PAAllentown121,283
73%
135TXBrownsville183,299
73%
109NCFayetteville209,889
73%
390ARFayetteville85,257
73%
112CAGlendale203,054
73%
87AZGlendale246,709
73%
123ALHuntsville194,585
73%
73CAIrvine277,453
73%
239MILansing116,986
73%
80TXLaredo260,654
73%
237UTProvo117,335
73%
193TXWaco136,436
73%
220GAAthens125,691
72%
280COBoulder107,125
72%
76CAChula Vista270,471
72%
185TXMcAllen142,696
72%
168TXPasadena153,520
72%
186CAPasadena142,647
72%
350CASanta Barbara92,101
72%
179CTBridgeport146,579
71%
345CACarson92,735
71%
89NCWinston244,605
71%
84AZChandler253,458
70%
92VAChesapeake240,397
70%
114CAHuntington Beach201,874
70%
139VANewport News179,388
70%
256ILPeoria112,883
70%
153AZPeoria168,181
70%
161VAAlexandria160,035
69%
230MIAnn Arbor121,477
69%
387MNDuluth86,066
69%
321MIFlint96,448
69%
93TXIrving240,373
69%
69TXPlano286,143
69%
447PAScranton77,605
69%
146WAVancouver175,673
69%
158COFort Collins165,080
68%
491INLafayette72,390
68%
218LALafayette126,848
68%
103CAModesto214,221
68%
133AZTempe185,038
68%
317PAErie97,369
67%
172GAMacon152,663
67%
410IASioux City82,514
67%
487NDBismarck72,865
66%
96CAFremont234,962
66%
106CASanta Clarita210,888
66%
197TXMidland136,089
65%
127KSOverland Park191,278
65%
108CAOxnard210,037
65%
305ALTuscaloosa100,287
65%
209IACedar Rapids132,228
64%
91AZGilbert242,354
64%
160CALancaster160,316
64%
223OKNorman122,843
64%
177ILRockford147,051
64%
216CASanta Clara127,134
64%
347CASanta Monica92,306
64%
353NCAsheville91,902
63%
233TXBeaumont119,114
63%
134FLCape Coral183,365
63%
298IADavenport102,320
63%
235INEvansville118,930
63%
459INGary76,008
63%
94FLHialeah239,673
63%
167FLHollywood153,627
63%
176ILNaperville147,682
63%
240TXOdessa116,861
63%
145CAOntario175,841
63%
187CAOrange140,560
63%
327AZYuma95,502
63%
228TXAbilene121,885
62%
380UTOgden87,031
62%
174NJPaterson148,678
62%
271FLWest Palm Beach110,222
62%
495AZFlagstaff71,975
61%
208FLGainesville132,249
61%
95TXGarland238,002
61%
252MACambridge113,630
60%
349NCGreenville92,156
60%
175ILJoliet148,462
60%
300NMLas Cruces101,712
60%
144CAOceanside176,193
60%
130FLPort St Lucie189,344
60%
211CTStamford130,824
60%
253TXCollege Station113.564
59%
212NJElizabeth130,215
59%
264COPueblo111,127
59%
310VARoanoke99,837
59%
333ORBend94,520
58%
226CABerkeley122,324
58%
393INBloomington85,071
58%
388MNBloomington85,866
58%
443ILBloomington77,934
58%
142TXFrisco177,286
58%
181TXKilleen145,482
58%
278FLLakeland108,054
58%
282CASanta Maria107,014
58%
147CASanta Rosa175,269
58%
299INSouth Bend102,245
58%
200MIWarren135,022
58%
195TXDenton136,268
57%
262MALowell111,346
57%
136TXMcKinney181,330
57%
141CARancho Cucamonga177,452
57%
476SDRapid City74,421
57%
157NCCary165,904
56%
169TNClarksville153,205
56%
421CALakewood80,967
56%
164COLakewood154,958
56%
194TNMurfreesboro136,372
56%
203AZSurprise134,085
56%
291TXTyler104,991
56%
105CAFontana211,815
55%
125TXGrand Prairie193,837
55%
202VAHampton134,669
55%
464IAIowa City75,798
55%
346FLMiami Beach92,307
55%
481MTMissoula73,340
55%
266SCNorth Charleston110,861
55%
214CAThousand Oaks128,995
55%
182WABellevue144,444
54%
245FLClearwater115,513
54%
272WAEverett110,079
54%
215WAKent128,458
54%
183TXMesquite143,949
54%
111CAMoreno Valley207,226
54%
343IDNampa93,590
54%
170CAPomona152,939
54%
355CARedding91,794
54%
293CABurbank104,834
53%
149CAElk Grove171,844
53%
499MDFrederick71,408
53%
191KSOlathe137,472
53%
221TXRound Rock123,678
53%
277OKBroken Arrow108,303
52%
463MIKalamazoo75,807
52%
163CAPalmdale157,519
52%
150FLPembroke Pines170,712
52%
162CASalinas157,596
52%
227CAVallejo122,105
52%
154CACorona167,836
51%
309WIKenosha99,877
51%
319KSLawrence96,892
51%
428MALawrence80,162
51%
372PAReading88,423
51%
276CTWaterbury108,629
51%
430FLFort Myers79,943
50%
374ARFort Smith88,037
50%
331GARoswell94,786
50%
207MISterling Heights132,631
50%
196UTWest Valley City136,170
50%
259CAAntioch111,674
49%
472WIAppleton74,653
49%
379ILChampaign87,432
49%
188CAFullerton140,392
49%
159CAHayward160,500
49%
251FLMiami Gardens113,750
49%
432CANapa79,774
49%
373NHNashua88,341
49%
332VAPortsmouth94,572
49%
337MAQuincy94,166
49%
217CASimi Valley126,878
49%
398UTSt George84,405
49%
404MITroy83,813
49%
356CAWestminster91,564
49%
257COWestminster112,812
49%
473NJCamden74,532
48%
288COGreeley105,448
48%
497MSGulfport71,822
48%
283ORHillsboro106,894
48%
268CAInglewood110,598
48%
260FLPalm Bay111,657
48%
448WIRacine77,542
48%
199CARoseville135,329
48%
224CAVictorville122,441
48%
236COArvada118,807
47%
312FLBoca Raton98,150
47%
246CACarlsbad115,330
47%
348INCarmel92,198
47%
198TXCarrollton135,710
47%
344CAChico93,293
47%
315CACompton97,612
47%
334MIDearborn94,491
47%
173CAEscondido151,969
47%
148CAGarden Grove174,226
47%
397TXMission84,424
47%
368CTNorwalk89,005
47%
285CANorwalk106,084
47%
323NMRio Rancho96,159
47%
371TXSugar Land88,485
47%
166CASunnyvale153,656
47%
249UTWest Jordan113,905
47%
342WAYakima93,667
47%
492ILDecatur72,174
46%
258ILElgin112,456
46%
178CATorrance146,758
46%
206CAVisalia133,010
46%
316ORBeaverton97,514
45%
281CADaly City107,074
45%
391CTDanbury85,246
45%
243CAEl Monte116,109
45%
242CAFairfield116,266
45%
449LALake Charles77,117
45%
411FLMelbourne82,011
45%
308IDMeridian99,926
45%
190FLMiramar140,328
45%
386CANewport Beach86,160
45%
269FLPompano Beach110,473
45%
306TXSan Angelo100,119
45%
303NVSparks100,888
45%
313WASpokane Valley97,847
45%
248CATemecula114,327
45%
267CAVentura110,790
45%
422RIWarwick80,871
45%
270COCentennial110,250
44%
205FLCoral Springs133,037
44%
250CACosta Mesa113,825
44%
296CAEl Cajon103,894
44%
261NCHigh Point111,513
44%
238MOIndependence117,306
44%
286CAJurupa Valley106,028
44%
314UTOrem97,839
44%
294CASan Mateo104,748
44%
336FLSunrise94,323
44%
192COThornton136,978
44%
279CAWest Covina107,598
44%
412ORMedford81,780
43%
241TXRichardson116,783
43%
307CAVacaville100,032
43%
367WABellingham89,045
42%
255CADowney113,092
42%
440TNFranklin78,321
42%
365CAIndio89,793
42%
232TXPearland119,940
42%
297CARialto103,562
42%
284GASandy Springs106,739
42%
363VASuffolk90,237
42%
301CAVista101,568
42%
423WAAuburn80,776
41%
289FLDavie105,149
41%
431AZGoodyear79,858
41%
287TXLewisville106,021
41%
254CAMurrieta113,326
41%
329MANew Bedford95,120
41%
457MOSt Joseph76,442
41%
326MABrockton95,672
40%
274CAClovis109,691
40%
471ILEvanston74,756
40%
320WAFederal Way96,690
40%
265ORGresham111,053
40%
462ARJonesboro75,866
40%
341OKLawton93,714
40%
318MOLee's Summit97,290
40%
420VALynchburg80,995
40%
339MALynn94,063
40%
325CAMission Viejo96,016
40%
474TXTemple74,503
40%
489WIWaukesha72,489
40%
484CAApple Valley73,077
39%
465PABethlehem75,707
39%
364CAChino89,797
39%
362TXEdinburg90,280
39%
366MAFall River89,420
39%
455INHammond76,618
39%
330CAHesperia94,859
39%
414WAKennewick81,607
39%
292TXLeague City104,903
39%
452COLoveland76,701
39%
406CAMerced83,081
39%
369MANewton88,994
39%
494RIPawtucket72,001
39%
439MNPlymouth78,395
39%
302WARenton101,379
39%
377ILWaukegan87,729
39%
467ILArlington Heights75,634
38%
340FLPlantation93,909
38%
403TXBryan84,021
37%
352OKEdmond91,950
37%
370WAKirkland88,630
37%
322CASan Marcos96,198
37%
357CATracy90,889
37%
389CAAlhambra85,396
36%
402AZAvondale84,025
36%
418RICranston81,202
36%
395ALHoover84,920
36%
396FLLargo84,754
36%
338MILivonia94,105
36%
415TXLongview81,522
36%
383SCMount Pleasant86,668
36%
429NYNew Rochelle79,946
36%
382CARedwood City86,685
36%
328CASouth Gate95,430
36%
358FLDeltona90,746
35%
392CAHemet85,160
35%
361CALivermore90,295
35%
335COLongmont94,341
35%
360CASan Leandro90,533
35%
433ARSpringdale79,599
35%
436CAAlameda79,177
34%
409ILCicero82,552
34%
354INFishers91,832
34%
488CTNew Britain72,710
34%
437OHParma79,167
34%
478ILSchaumburg74,184
34%
376CAHawthorne87,854
33%
500NJPassaic71,247
33%
384NJClifton86,607
32%
438TXNew Braunfels79,152
32%
468CAUnion City75,343
32%
381CAWhittier86,838
32%
359CAMenifee90,595
31%
485SCRock Hill73,068
31%
378MOO'Fallon87,597
30%
417MASomerville81,360
30%
460MIWyoming75,938
30%
424MNBrooklyn Park80,581
29%
375CACitrus Heights87,931
29%
442CAFolsom78,038
29%
416CAMountain View81,438
29%
479CARancho Cordova73,563
29%
400GAJohns Creek84,350
28%
401CALake Forest84,293
28%
453UTLayton76,691
27%
385FLPalm Coast86,516
27%
470GAWarner Robbins74,854
27%
446FLBoynton Beach77,702
26%
475TXMissouri City74,497
26%
498CARedlands71,554
26%
427CAChino Hills80,374
25%
399TXConroe84,378
25%
435CAManteca79,268
25%
441CAMilpitas78,106
25%
480CATurlock73,556
25%
451TXBaytown76,804
24%
456NCGastonia76,593
24%
468ILBolingbrook75,201
23%
425FLDeerfield Beach80,571
23%
419MIFarmington Hills81,050
23%
434TXPharr79,487
23%
477MIRochester Hills74,205
23%
454TXFlower Mound76,681
22%
407CABuena Park83,015
21%
426CATustin80,498
21%
413MIWestland81,747
21%
408CAPleasanton83,007
20%
482MISouthfield73,208
20%
450CAUpland76,999
20%
444CAPerris77,879
19%
458CABaldwin Park76,402
18%
445CABellflower77,772
18%
461CASan Ramon75,932
18%
496FLLauderhill72,970
16%
486WAPasco73,013
13%
466TXCedar Park75,704
12%

Score Distribution

Percentile by Number Answered

Percent of People with Each Score

Your Score History

You have not taken this quiz